000 00466cam a22002051 4500
001 sa 68002172
003 DLC
005 20260227112440.0
008 881028s1967 xx 000 0 beno
010 _asa 68002172
035 _a(OCoLC)23553333
040 _aDLC
_cMiU
_dDLC
042 _apremarc
050 0 0 _aPK1718.I43
_bM5
100 1 _aImam, Ibane.
245 1 0 _aMīnābājāra.
260 _c[1967]
300 _a240 p.
_c23 cm.
500 _aRomanized.
999 _c78497
_d78497